Body image a jeho dobová relace
Vývoj kultu tela a ideálu krásy od počiatku ľudstva v európskom priestore. Najpodstatnejšie rysy v jednotlivých historických obdobiach. Vplyv médií na kult krásy. Kult krásy a zdravie. Situácia v súčasnosti.
Salvato in:
| Autore principale: | |
|---|---|
| Natura: | Capitolo di libro |
| Lingua: | ceco |
| Soggetti: | |
| Tags: |
Nessun Tag, puoi essere il primo ad aggiungerne!!
|
MARC
| LEADER | 00000naa$a2200000$$$4500 | ||
|---|---|---|---|
| 001 | 0120119 | ||
| 005 | 20221107083455.2 | ||
| 041 | 0 | |a cze | |
| 044 | |a SK | ||
| 245 | 1 | 0 | |a Body image a jeho dobová relace |c Ondřej Pešek |
| 520 | |a Vývoj kultu tela a ideálu krásy od počiatku ľudstva v európskom priestore. Najpodstatnejšie rysy v jednotlivých historických obdobiach. Vplyv médií na kult krásy. Kult krásy a zdravie. Situácia v súčasnosti. | ||
| 610 | 2 | 0 | |a marketing |
| 610 | 2 | 0 | |a civilizácia |
| 610 | 2 | 0 | |a vývoj |
| 610 | 2 | 0 | |a história |
| 610 | 2 | 0 | |a zdravie |
| 610 | 2 | 0 | |a médiá |
| 610 | 2 | 0 | |a imidž |
| 100 | 1 | |a Pešek, Ondřej | |